Capitals of 1st-level subdivisions in Montenegro from north to south - Statistics

General Stats
  • This quiz has been taken 18 times
    7 since last reset
  • The average score is 15 of 25
Answer Stats
Latitude (DD) Answer % Correct
1 43.36 Pljevlja
80%
17 42.44 Podgorica
80%
12 42.73 Andrijevica
60%
24 42.10 Bar
60%
8 42.84 Berane
60%
4 43.03 Bijelo Polje
60%
23 42.28 Budva
60%
20 42.39 Cetinje
60%
15 42.55 Danilovgrad
60%
14 42.56 Gusinje
60%
16 42.45 Herceg Novi
60%
10 42.82 Kolašin
60%
19 42.42 Kotor
60%
5 42.96 Mojkovac
60%
11 42.77 Nikšić
60%
7 42.91 Petnjica
60%
13 42.60 Plav
60%
2 43.16 Plužine
60%
9 42.84 Rožaje
60%
6 42.96 Šavnik
60%
18 42.43 Tivat
60%
21 42.37 Tuzi
60%
25 41.92 Ulcinj
60%
3 43.15 Žabljak
60%
22 42.33 Golubovci
20%
No matching quizzes found
Score Distribution
Percent of People with Each Score
Percentile by Number Answered
Your Score History
You have not taken this quiz since the last reset